[Event "BIH-chT 18th"]
[Site "Tuzla"]
[Date "2019.06.12"]
[Round "5.2"]
[White "Galic, Zeljko"]
[Black "Popovic, Darko"]
[Result "1/2-1/2"]
[WhiteElo "2280"]
[BlackElo "2156"]
[PlyCount "39"]
[EventDate "2019.06.08"]
[EventType "team-tourn"]
[EventRounds "9"]
[EventCountry "BIH"]
[SourceTitle "CBM 190 Extra"]
[Source "ChessBase"]
[SourceDate "2019.07.15"]
[SourceVersion "1"]
[SourceVersionDate "2019.07.15"]
[SourceQuality "1"]
[WhiteTeam "Sarajevo Napredak"]
[BlackTeam "Zenica Napredak"]
[WhiteTeamCountry "BIH"]
[BlackTeamCountry "BIH"]

1. c4 e5 2. g3 d6 3. Nc3 f5 4. Bg2 Be7 5. d4 e4 6. f3 exf3 7. Nxf3 Nf6 8. 0-0 0-0 9. d5 Qe8 10. Nd4 Qh5 11. e4 Qxd1 12. Rxd1 fxe4 13. Nxe4 Nxe4 14. Bxe4 Na6 15. Be3 Nc5 16. Bg2 a5 17. Nb5 Na6 18. Bd4 Bd7 19. Re1 Rae8 20. Bc3 1/2-1/2

[Event "Sarajevo Bosna op 49th"]
[Site "Sarajevo"]
[Date "2019.05.01"]
[Round "7"]
[White "Galic, Zeljko"]
[Black "Zenelaj, Fisnik"]
[Result "1-0"]
[WhiteElo "2293"]
[BlackElo "1933"]
[PlyCount "60"]
[EventDate "2019.04.27"]
[EventType "swiss"]
[EventRounds "9"]
[EventCountry "BIH"]
[SourceTitle "CBM 190 Extra"]
[Source "ChessBase"]
[SourceDate "2019.07.15"]
[SourceVersion "1"]
[SourceVersionDate "2019.07.15"]
[SourceQuality "1"]

1. c4 e5 2. Nf3 d6 3. Nc3 f5 4. d4 e4 5. Ng5 Be7 6. Nh3 Nf6 7. g3 0-0 8. Bg2 Be6 9. d5 Bf7 10. Ng5 Nbd7 11. 0-0 Ng4 12. Ne6 Bxe6 13. dxe6 Nc5 14. f3 exf3 15. exf3 Nf6 16. Re1 c6 17. b4 Na6 18. a3 h6 19. Qd3 Qe8 20. Bh3 Qh5 21. Bxf5 Qe8 22. Bg6 Qd8 23. Bf7+ Kh8 24. Bf4 Nc7 25. Rad1 d5 26. Qg6 a5 27. b5 cxb5 28. cxd5 Ncxd5 29. Bxh6 Rxf7 30. exf7 Qb6+ 1-0

[Event "Sarajevo Bosna op 49th"]
[Site "Sarajevo"]
[Date "2019.04.28"]
[Round "2"]
[White "Galic, Zeljko"]
[Black "Kadric, Denis"]
[Result "0-1"]
[WhiteElo "2293"]
[BlackElo "2542"]
[PlyCount "60"]
[EventDate "2019.04.27"]
[EventType "swiss"]
[EventRounds "9"]
[EventCountry "BIH"]
[SourceTitle "CBM 190 Extra"]
[Source "ChessBase"]
[SourceDate "2019.07.15"]
[SourceVersion "1"]
[SourceVersionDate "2019.07.15"]
[SourceQuality "1"]

1. c4 e5 2. Nf3 d6 3. Nc3 f5 4. d3 Be7 5. g3 Nf6 6. Bg2 0-0 7. 0-0 Qe8 8. b4 a5 9. b5 Nbd7 10. a4 Nc5 11. Ba3 Nfd7 12. Nd2 Kh8 13. Bxc5 Nxc5 14. Nb3 Ne6 15. d4 f4 16. Ne4 Qh5 17. Bf3 Qg6 18. Rc1 Ng5 19. Nxg5 Bxg5 20. Rc3 e4 21. Bg2 Bf5 22. d5 Rae8 23. Nd4 Bc8 24. c5 dxc5 25. Rxc5 fxg3 26. hxg3 e3 27. Ne6 exf2+ 28. Kh2 Qh5+ 29. Bh3 Rxe6 30. dxe6 Bxe6 0-1

[Event "BIH-chT 12th"]
[Site "Sarajevo"]
[Date "2013.06.22"]
[Round "8.3"]
[White "Galic, Zeljko"]
[Black "Arapovic, Vitomir"]
[Result "0-1"]
[WhiteElo "2300"]
[BlackElo "2356"]
[PlyCount "144"]
[EventDate "2013.06.15"]
[EventType "team-tourn"]
[EventRounds "9"]
[EventCountry "BIH"]
[SourceTitle "CBM 155 Extra"]
[Source "ChessBase"]
[SourceDate "2013.08.26"]
[SourceVersion "1"]
[SourceVersionDate "2013.08.26"]
[SourceQuality "1"]
[WhiteTeam "Sarajevo Napredak"]
[BlackTeam "Sarajevo Slavija"]
[WhiteTeamCountry "BIH"]
[BlackTeamCountry "BIH"]

1. c4 g6 2. Nc3 Bg7 3. Nf3 d6 4. g3 e5 5. Bg2 Nc6 6. 0-0 f5 7. d3 Nf6 8. Nd5 h6 9. Rb1 0-0 10. b4 g5 11. b5 Ne7 12. Nxf6+ Bxf6 13. a4 Be6 14. Ba3 b6 15. Ne1 Rc8 16. Nc2 f4 17. Nb4 Qd7 18. Re1 Kg7 19. Nd5 Nxd5 20. cxd5 Bh3 21. Be4 h5 22. e3 fxg3 23. fxg3 g4 24. Rb2 Rf7 25. Rf2 Bg5 26. Rxf7+ Qxf7 27. Qe2 Rf8 28. Bc1 h4 29. Bd2 hxg3 30. hxg3 Bh4 31. gxh4 g3 32. Rc1 Qf2+ 33. Qxf2 gxf2+ 34. Kh2 f1Q 35. Rxf1 Bxf1 36. Kg3 Be2 37. Bc3 Rf1 38. d4 Rc1 39. Bb2 Rc4 40. Bf5 Kf6 41. Bd7 e4 42. Kf4 Bf3 43. Be8 Rxa4 44. Bc3 a5 45. bxa6 Rxa6 46. h5 Ra8 47. Bg6 Rh8 48. Be1 Bxh5 49. Bxe4 Be2 50. Bg2 Ke7 51. e4 Rh2 52. Kg3 Rh8 53. Kf4 Ra8 54. e5 Ra4 55. Ke3 Bh5 56. Be4 Ra3+ 57. Kf4 b5 58. Bh4+ Ke8 59. Kg5 Re3 60. Kf4 Rh3 61. Kg5 Bf3 62. Bg6+ Kf8 63. Bf5 Rxh4 64. Kxh4 dxe5 65. dxe5 Bxd5 66. Kg5 Ke7 67. Kf4 c5 68. Ke3 b4 69. Bg4 Be6 70. Bd1 Kd7 71. Bf3 Kc7 72. Be4 Kb6 0-1

[Event "BIH-chT 11th"]
[Site "Jahorina"]
[Date "2012.06.09"]
[Round "8.1"]
[White "Pestek, Elvis"]
[Black "Galic, Zeljko"]
[Result "0-1"]
[WhiteElo "1996"]
[BlackElo "2298"]
[PlyCount "78"]
[EventDate "2012.06.02"]
[EventType "team-tourn"]
[EventRounds "9"]
[EventCountry "BIH"]
[SourceTitle "CBM 148 Extra"]
[Source "ChessBase"]
[SourceDate "2012.06.22"]
[SourceVersion "1"]
[SourceVersionDate "2012.06.22"]
[SourceQuality "1"]
[WhiteTeam "Gorazde"]
[BlackTeam "Sarajevo Napredak"]
[WhiteTeamCountry "BIH"]
[BlackTeamCountry "BIH"]

1. e4 c5 2. Nf3 d6 3. d4 cxd4 4. Nxd4 Nf6 5. Nc3 Nc6 6. Bg5 Bd7 7. Qd2 Rc8 8. 0-0-0 Nxd4 9. Qxd4 Qa5 10. Bxf6 gxf6 11. Bc4 Qc5 12. Qxc5 Rxc5 13. Bb3 e6 14. Rd3 Rg8 15. Rg3 Rg6 16. Rxg6 fxg6 17. Re1 Ke7 18. f3 Bh6+ 19. Kd1 f5 20. exf5 gxf5 21. Ne2 Kf6 22. f4 e5 23. fxe5+ dxe5 24. Rf1 Be3 25. Nc3 Bc6 26. Re1 Bd4 27. Re2 Bxc3 28. bxc3 Rxc3 29. Kd2 Rc5 30. Ke3 f4+ 31. Kf2 Rc3 32. Rd2 e4 33. Rd6+ Ke5 34. Re6+ Kf5 35. Re7 e3+ 36. Kf1 Be4 37. g4+ fxg3 38. hxg3 Bxc2 39. Rxb7 Bd3+ 0-1

[Event "BIH-chT"]
[Site "Neum"]
[Date "2011.06.04"]
[Round "1.6"]
[White "Pantic, Bojan"]
[Black "Galic, Zeljko"]
[Result "1/2-1/2"]
[WhiteElo "2088"]
[BlackElo "2302"]
[PlyCount "107"]
[EventDate "2011.06.04"]
[EventType "team-tourn"]
[EventRounds "9"]
[EventCountry "BIH"]
[SourceTitle "CBM 142 Extra"]
[Source "ChessBase"]
[SourceDate "2011.06.27"]
[SourceVersion "1"]
[SourceVersionDate "2011.06.27"]
[SourceQuality "1"]
[WhiteTeam "Bijeljina"]
[BlackTeam "Sarajevo Napredak"]
[WhiteTeamCountry "BIH"]
[BlackTeamCountry "BIH"]

1. d4 Nf6 2. e3 g6 3. f4 Bg7 4. Nf3 0-0 5. Bd3 c5 6. c3 b6 7. 0-0 Bb7 8. Nbd2 d6 9. f5 Nbd7 10. Qe2 e5 11. fxe6 fxe6 12. Ng5 Qe7 13. e4 Nh5 14. Ndf3 h6 15. Nh3 e5 16. d5 Rf7 17. g3 Raf8 18. Bd2 Bc8 19. Nh4 Rxf1+ 20. Rxf1 Rxf1+ 21. Qxf1 Nf8 22. Be2 Nf6 23. Nf2 Kh7 24. Ba6 Bd7 25. Bb5 Bc8 26. Ba6 Bd7 27. Bb5 Ng4 28. Bxd7 Qxd7 29. b3 b5 30. Nd1 a6 31. Kg2 Nf6 32. Qe2 Qg4 33. Qxg4 Nxg4 34. Nb2 Nd7 35. h3 Ngf6 36. Kf3 Bf8 37. a3 Nb6 38. Ng2 Be7 39. Ne3 Nfd7 40. c4 Bd8 41. Ke2 Kg7 42. Kd3 Kf7 43. cxb5 axb5 44. a4 c4+ 45. bxc4 Nc5+ 46. Kc2 bxa4 47. Bb4 Nbd7 48. Ng4 Nxe4 49. Nxa4 h5 50. Ne3 Be7 51. Be1 Bg5 52. Kd3 Ndc5+ 53. Nxc5 Nxc5+ 54. Ke2 1/2-1/2

[Event "Sarajevo Bosna op 40th"]
[Site "Sarajevo"]
[Date "2010.05.10"]
[Round "6"]
[White "Saric, Ivan"]
[Black "Galic, Zeljko"]
[Result "1-0"]
[WhiteElo "2580"]
[BlackElo "2346"]
[PlyCount "77"]
[EventDate "2010.05.05"]
[EventType "swiss"]
[EventRounds "9"]
[EventCountry "BIH"]
[SourceTitle "CBM 136 Extra"]
[Source "ChessBase"]
[SourceDate "2010.07.02"]
[SourceVersion "2"]
[SourceVersionDate "2010.07.15"]
[SourceQuality "1"]

1. e4 c5 2. Nf3 d6 3. d4 cxd4 4. Nxd4 Nf6 5. Nc3 Nc6 6. Bg5 Bd7 7. Qd2 Rc8 8. f4 Nxd4 9. Qxd4 Qa5 10. e5 dxe5 11. fxe5 e6 12. 0-0-0 Bc6 13. Nb5 Nd5 14. Qxa7 Qb4 15. Qd4 Qa5 16. a4 Bb4 17. Qa7 Ra8 18. Qxa5 Rxa5 19. b3 0-0 20. Bd2 Bxd2+ 21. Rxd2 Bxb5 22. Bxb5 Nc3 23. b4 Ra7 24. Kb2 Nxa4+ 25. Kb3 Nb6 26. c4 Rfa8 27. Rd6 Ra3+ 28. Kb2 Ra2+ 29. Kc3 Na4+ 30. Bxa4 R2xa4 31. c5 g5 32. Rhd1 Ra2 33. Rd8+ Rxd8 34. Rxd8+ Kg7 35. b5 Ra1 36. Rd7 b6 37. cxb6 Ra8 38. Kc4 Rc8+ 39. Kb4 1-0

[Event "Sarajevo Bosna op 40th"]
[Site "Sarajevo"]
[Date "2010.05.09"]
[Round "5"]
[White "Petrosian, Davit Gevorgi"]
[Black "Galic, Zeljko"]
[Result "1-0"]
[WhiteElo "2490"]
[BlackElo "2346"]
[PlyCount "71"]
[EventDate "2010.05.05"]
[EventType "swiss"]
[EventRounds "9"]
[EventCountry "BIH"]
[SourceTitle "CBM 136 Extra"]
[Source "ChessBase"]
[SourceDate "2010.07.02"]
[SourceVersion "2"]
[SourceVersionDate "2010.07.15"]
[SourceQuality "1"]

1. e4 c5 2. Nf3 d6 3. d4 cxd4 4. Nxd4 Nf6 5. Nc3 Nc6 6. Bc4 e6 7. Be3 Be7 8. Qe2 a6 9. 0-0-0 Qc7 10. Bb3 Na5 11. g4 b5 12. g5 Nxb3+ 13. axb3 Nd7 14. Nf5 exf5 15. Nd5 Qd8 16. exf5 Bb7 17. f6 Bxd5 18. fxg7 Rg8 19. Rxd5 Rxg7 20. f4 Kf8 21. Bd4 Rg6 22. Qh5 Kg8 23. h4 f6 24. Re1 fxg5 25. hxg5 Qf8 26. Qg4 Ne5 27. fxe5 Bxg5+ 28. Kb1 Bd2 29. Rg1 Rxg4 30. Rxg4+ Kf7 31. Rxd6 Ke7 32. Bc5 Be3 33. Bxe3 Qf3 34. Rg7+ Ke8 35. Re6+ Kd8 36. Bb6+ 1-0

[Event "Sarajevo Bosna op 40th"]
[Site "Sarajevo"]
[Date "2010.05.05"]
[Round "1"]
[White "Galic, Zeljko"]
[Black "Mamedov, Rauf"]
[Result "0-1"]
[WhiteElo "2346"]
[BlackElo "2653"]
[PlyCount "74"]
[EventDate "2010.05.05"]
[EventType "swiss"]
[EventRounds "9"]
[EventCountry "BIH"]
[SourceTitle "CBM 136 Extra"]
[Source "ChessBase"]
[SourceDate "2010.07.02"]
[SourceVersion "2"]
[SourceVersionDate "2010.07.15"]
[SourceQuality "1"]

1. c4 g6 2. Nc3 Bg7 3. Nf3 e5 4. d4 exd4 5. Nxd4 Nc6 6. Nxc6 bxc6 7. g3 Ne7 8. Bg2 0-0 9. 0-0 Rb8 10. Qa4 a6 11. Rd1 c5 12. Qc2 d6 13. b3 Bf5 14. Qd2 Qd7 15. Bb2 Rbe8 16. Ne4 Bxe4 17. Bxe4 Bxb2 18. Qxb2 Nf5 19. Bg2 Qe7 20. e3 h5 21. Rd5 h4 22. Rad1 hxg3 23. hxg3 Nh6 24. Bf3 f5 25. R5d2 Rf6 26. Kg2 Kg7 27. Bc6 Rh8 28. Rh1 Ng4 29. Rxh8 Kxh8 30. Kg1 Kg7 31. Bg2 Qe8 32. Re2 Qh8 33. Qc3 g5 34. f3 Qh2+ 35. Kf1 f4 36. exf4 Qxg3 37. Kg1 gxf4 0-1

[Event "BIH CFFBH-chT1A"]
[Site "Neum"]
[Date "2006.08.31"]
[Round "8"]
[White "Galic, Zeljko"]
[Black "Cisic, Alan"]
[Result "1/2-1/2"]
[WhiteElo "2359"]
[BlackElo "2155"]
[PlyCount "76"]
[EventDate "2006.08.26"]
[EventType "team-tourn"]
[EventRounds "9"]
[EventCountry "BIH"]
[SourceTitle "EXT 2023"]
[Source "ChessBase"]
[SourceDate "2022.10.05"]
[SourceVersion "1"]
[SourceVersionDate "2022.10.05"]
[SourceQuality "1"]

1. c4 Nf6 2. Nc3 g6 3. e4 d6 4. g3 Bg7 5. Bg2 0-0 6. Nge2 e5 7. 0-0 Nc6 8. d3 Nh5 9. Be3 f5 10. exf5 Bxf5 11. Qd2 Qd7 12. Nd5 Rf7 13. Nec3 Nd4 14. Bxd4 exd4 15. Ne4 c6 16. Nb4 h6 17. c5 dxc5 18. Nxc5 Qd6 19. Ne4 Qd7 20. Rfe1 Nf6 21. Nxf6+ Rxf6 22. Re2 Bg4 23. Re4 Raf8 24. f4 Bf5 25. Re2 Re8 26. Rae1 Rfe6 27. Nc2 Rxe2 28. Rxe2 Rxe2 29. Qxe2 Qe6 30. Qxe6+ Bxe6 31. a3 Bf5 32. Ne1 a5 33. Kf2 Kf7 34. Ke2 g5 35. fxg5 hxg5 36. Nf3 Bf6 37. Nd2 Bg4+ 38. Bf3 Be6 1/2-1/2

[Event "BIH CFFBH-chT1A"]
[Site "Neum"]
[Date "2006.08.28"]
[Round "3"]
[White "Galic, Zeljko"]
[Black "Bajramovic, Halid"]
[Result "1/2-1/2"]
[WhiteElo "2359"]
[BlackElo "2208"]
[PlyCount "34"]
[EventDate "2006.08.26"]
[EventType "team-tourn"]
[EventRounds "9"]
[EventCountry "BIH"]
[SourceTitle "EXT 2023"]
[Source "ChessBase"]
[SourceDate "2022.10.05"]
[SourceVersion "1"]
[SourceVersionDate "2022.10.05"]
[SourceQuality "1"]

1. c4 Nf6 2. Nf3 d5 3. e3 e6 4. b3 c5 5. Bb2 Nc6 6. cxd5 Nxd5 7. Bb5 Bd7 8. 0-0 a6 9. Be2 Nf6 10. Na3 Be7 11. Nc4 0-0 12. Nce5 Be8 13. Rc1 Rc8 14. d3 Nd5 15. Nxc6 Rxc6 16. d4 Qa5 17. Ne5 Rc8 1/2-1/2

[Event "BIH-chT2"]
[Site "Neum"]
[Date "2005.08.23"]
[Round "6"]
[White "Dugonjic, Dragan"]
[Black "Galic, Zeljko"]
[Result "0-1"]
[WhiteElo "2142"]
[BlackElo "2348"]
[PlyCount "68"]
[EventDate "2005.08.20"]
[EventType "team"]
[EventRounds "9"]
[EventCountry "BIH"]
[SourceTitle "EXT 2007"]
[Source "ChessBase"]
[SourceDate "2006.11.23"]
[SourceVersion "1"]
[SourceVersionDate "2006.11.23"]
[SourceQuality "1"]

1. d4 Nf6 2. c4 c5 3. Nf3 g6 4. g3 Bg7 5. Bg2 0-0 6. Nc3 d6 7. 0-0 Nc6 8. e4 Bg4 9. dxc5 dxc5 10. h3 Bxf3 11. Bxf3 Nd7 12. Be3 Rc8 13. Rc1 Nde5 14. Be2 Nd4 15. f4 Nec6 16. e5 f6 17. exf6 exf6 18. Bf3 f5 19. Bg2 Re8 20. Re1 Qd7 21. Qd2 Rcd8 22. Rcd1 Kh8 23. Kh1 Qf7 24. Bd5 Qc7 25. Bf2 Rxe1+ 26. Rxe1 Nf3 27. Bxf3 Rxd2 28. Re8+ Bf8 29. Bxc5 Rd8 30. Rxf8+ Rxf8 31. Bxf8 Qf7 32. Bxc6 Qxf8 33. Ba4 Qc5 34. Bb3 Qf2 0-1

[Event "BIH-chT"]
[Site "Neum"]
[Date "2004.06.06"]
[Round "9.6"]
[White "Galic, Zeljko"]
[Black "Prelevic, Dusko"]
[Result "0-1"]
[WhiteElo "2365"]
[BlackElo "2328"]
[PlyCount "28"]
[EventDate "2004.05.29"]
[EventType "team"]
[EventRounds "9"]
[EventCountry "BIH"]
[SourceTitle "CBM 102"]
[Source "ChessBase"]
[SourceDate "2004.09.23"]
[SourceVersion "1"]
[SourceVersionDate "2004.09.23"]
[SourceQuality "1"]
[WhiteTeam "Sarajevo Napredak"]
[BlackTeam "S Saraj"]
[WhiteTeamCountry "BIH"]
[BlackTeamCountry "BIH"]

1. c4 Nf6 2. Nf3 c5 3. e3 g6 4. d4 Bg7 5. Nc3 0-0 6. dxc5 Na6 7. Be2 Nxc5 8. 0-0 a5 9. Nd4 d6 10. Bf3 Bd7 11. b3 Qb6 12. Rb1 Rfc8 13. Qe2 e5 14. Ndb5 e4 0-1

[Event "BIH-chT 2nd"]
[Site "Jahorina"]
[Date "2003.06.24"]
[Round "6"]
[White "Covic, Darko"]
[Black "Galic, Zeljko"]
[Result "1/2-1/2"]
[WhiteElo "2352"]
[BlackElo "2367"]
[PlyCount "22"]
[EventDate "2003.06.21"]
[EventType "team-tourn"]
[EventRounds "9"]
[EventCountry "BIH"]
[SourceTitle "EXT 2019"]
[Source "ChessBase"]
[SourceDate "2018.10.10"]
[SourceVersion "1"]
[SourceVersionDate "2018.10.10"]
[SourceQuality "1"]
[WhiteTeam "Bugojno Napredak"]
[BlackTeam "Sarajevo Bosna"]
[WhiteTeamCountry "BIH"]
[BlackTeamCountry "BIH"]

1. d4 Nf6 2. c4 c5 3. e3 g6 4. Nc3 Bg7 5. Nf3 0-0 6. Be2 cxd4 7. exd4 d5 8. 0-0 Nc6 9. Re1 Bg4 10. cxd5 Nxd5 11. h3 Be6 1/2-1/2

[Event "CRO-chT"]
[Site "Pula"]
[Date "1999.09.18"]
[Round "9"]
[White "Galic, Zeljko"]
[Black "Medak, Bojan"]
[Result "1-0"]
[WhiteElo "2394"]
[BlackElo "2208"]
[PlyCount "55"]
[EventDate "1999.09.05"]
[EventType "team"]
[EventRounds "9"]
[EventCountry "CRO"]
[SourceTitle "EXT 2000"]
[Source "ChessBase"]
[SourceDate "1999.11.16"]
[SourceVersion "1"]
[SourceVersionDate "1999.11.16"]
[SourceQuality "1"]

1. c4 e5 2. Nc3 Nc6 3. Nf3 f5 4. d4 e4 5. Ng5 Nf6 6. Nh3 Be7 7. e3 0-0 8. Nf4 Kh8 9. h4 a6 10. Be2 Qe8 11. a3 Nd8 12. g3 Ne6 13. d5 Nxf4 14. gxf4 d6 15. h5 h6 16. b3 c6 17. Bb2 Qf7 18. Rg1 Ng4 19. Bxg4 fxg4 20. Nxe4 Qxh5 21. Qd4 Qg6 22. 0-0-0 cxd5 23. Qxd5 Be6 24. Qxb7 Rfe8 25. Nxd6 Rab8 26. Qc7 Bxd6 27. Rxd6 Rxb3 28. f5 1-0

[Event "CRO-chT"]
[Site "Pula"]
[Date "1999.09.16"]
[Round "7"]
[White "Galic, Zeljko"]
[Black "Mufic, Goran"]
[Result "1-0"]
[WhiteElo "2394"]
[BlackElo "2363"]
[PlyCount "103"]
[EventDate "1999.09.05"]
[EventType "team"]
[EventRounds "9"]
[EventCountry "CRO"]
[SourceTitle "EXT 2000"]
[Source "ChessBase"]
[SourceDate "1999.11.16"]
[SourceVersion "1"]
[SourceVersionDate "1999.11.16"]
[SourceQuality "1"]

1. Nf3 d5 2. g3 c6 3. Bg2 Nf6 4. 0-0 Bf5 5. b3 e6 6. Bb2 Be7 7. d3 0-0 8. Nbd2 Nbd7 9. Re1 h6 10. e4 Bh7 11. Qe2 a5 12. a3 b5 13. e5 Ne8 14. Nd4 Qb6 15. Qg4 Nc7 16. a4 bxa4 17. Rxa4 Bb4 18. N4f3 Bc5 19. Re2 Na6 20. Nf1 Nb4 21. Bc1 Kh8 22. Qh4 Rae8 23. g4 f6 24. exf6 Nxf6 25. g5 hxg5 26. Nxg5 e5 27. Ne3 Kg8 28. Ng4 Bg6 29. Nxe5 Rxe5 30. Rxe5 Bxf2+ 31. Qxf2 Qxf2+ 32. Kxf2 Ng4+ 33. Kg3 Nxe5 34. Bf4 Re8 35. d4 Nd7 36. c3 Nd3 37. Rxa5 Nf6 38. Bf3 Ne1 39. Ra6 Nxf3 40. Kxf3 Bc2 41. Be5 Bxb3 42. Rxc6 Nh7 43. Nh3 Re7 44. Nf4 Ng5+ 45. Ke3 Kf7 46. Rb6 Bc4 47. Rd6 Ne4 48. Rxd5 Nxc3 49. Rc5 Nd1+ 50. Kd2 Bb3 51. Rb5 Bc4 52. Rb4 1-0

[Event "CRO-chT"]
[Site "Pula"]
[Date "1999.09.15"]
[Round "6"]
[White "Havas, Ladislav"]
[Black "Galic, Zeljko"]
[Result "1/2-1/2"]
[WhiteElo "2249"]
[BlackElo "2394"]
[PlyCount "61"]
[EventDate "1999.09.05"]
[EventType "team"]
[EventRounds "9"]
[EventCountry "CRO"]
[SourceTitle "EXT 2000"]
[Source "ChessBase"]
[SourceDate "1999.11.16"]
[SourceVersion "1"]
[SourceVersionDate "1999.11.16"]
[SourceQuality "1"]

1. d4 Nf6 2. c4 c5 3. d5 b5 4. Nf3 g6 5. Qc2 bxc4 6. e4 d6 7. Bxc4 Bg7 8. 0-0 0-0 9. Nc3 Nbd7 10. Re1 Nb6 11. Bf1 e6 12. dxe6 Bxe6 13. h3 d5 14. Nxd5 Nfxd5 15. exd5 Qxd5 16. Be3 Bf5 17. Qxc5 Bxb2 18. Rad1 Qxc5 19. Bxc5 Rfc8 20. Bd4 Ba3 21. Bd3 Be6 22. Be4 Bd5 23. Bxd5 Nxd5 24. Bxa7 Bb4 25. Re5 Rxa7 26. Rexd5 Rxa2 27. Rd8+ Rxd8 28. Rxd8+ Kg7 29. g3 Bc5 30. Rd2 Rxd2 31. Nxd2 1/2-1/2

[Event "CRO-chT"]
[Site "Porec"]
[Date "1998.09.15"]
[Round "9"]
[White "Horvath, Jozsef"]
[Black "Galic, Zeljko"]
[Result "1/2-1/2"]
[WhiteElo "2530"]
[BlackElo "2365"]
[PlyCount "54"]
[EventDate "1998.09.??"]
[EventType "team"]
[EventRounds "9"]
[EventCountry "CRO"]
[SourceTitle "EXT 1999"]
[Source "ChessBase"]
[SourceDate "1998.11.16"]
[SourceVersion "1"]
[SourceVersionDate "1998.11.16"]
[SourceQuality "1"]

1. d4 Nf6 2. Nf3 c5 3. d5 g6 4. Nc3 Bg7 5. e4 0-0 6. e5 Ng4 7. Ng5 d6 8. e6 f5 9. Be2 Nf6 10. h4 h5 11. a4 Na6 12. Bf3 Nc7 13. Ne2 b6 14. Nf4 Qe8 15. Nf7 Rxf7 16. exf7+ Qxf7 17. 0-0 Rb8 18. Re1 Bd7 19. Ra3 Re8 20. g3 Ng4 21. c3 Ne5 22. Bg2 Qf6 23. Ra1 Bc8 24. Nd3 Nf7 25. Bd2 Ba6 26. Qc2 Bxd3 27. Qxd3 Ne5 1/2-1/2

[Event "CRO-chT"]
[Site "Porec"]
[Date "1998.09.14"]
[Round "8"]
[White "Galic, Zeljko"]
[Black "Ascic, Anto"]
[Result "1-0"]
[WhiteElo "2365"]
[BlackElo "2310"]
[PlyCount "178"]
[EventDate "1998.09.??"]
[EventType "team"]
[EventRounds "9"]
[EventCountry "CRO"]
[SourceTitle "EXT 1999"]
[Source "ChessBase"]
[SourceDate "1998.11.16"]
[SourceVersion "1"]
[SourceVersionDate "1998.11.16"]
[SourceQuality "1"]

1. c4 Nf6 2. Nf3 e6 3. e3 d5 4. d4 dxc4 5. Bxc4 c5 6. 0-0 Nc6 7. Qe2 a6 8. a4 Qc7 9. Nc3 Be7 10. Rd1 0-0 11. h3 Rd8 12. d5 exd5 13. Nxd5 Nxd5 14. Bxd5 Nb4 15. e4 Nxd5 16. exd5 Bf5 17. Ne5 f6 18. Nc4 Bd6 19. a5 Re8 20. Be3 Bh2+ 21. Kh1 Rad8 22. Qd2 Be5 23. Nxe5 Qxe5 24. Rac1 Be4 25. Rxc5 Qf5 26. Kh2 Re5 27. Qb4 Bxd5 28. Qf4 Qe6 29. b4 Rd7 30. Qg3 Kf7 31. Qh4 Qf5 32. Qg3 Qe4 33. Rd4 Qb1 34. Rg4 g6 35. Rd4 h5 36. Qh4 Qf5 37. Qg3 Qb1 38. Rc1 Qf5 39. Rcd1 Qe6 40. Bf4 Re4 41. Be3 h4 42. Qb8 Rxd4 43. Rxd4 g5 44. Kg1 Bc6 45. Rxd7+ Qxd7 46. Bc5 Qd1+ 47. Kh2 Qd5 48. f3 Qa2 49. Kg1 Qe6 50. Kf2 Kg6 51. Qd6 Qa2+ 52. Kg1 Kf7 53. Bd4 Qb1+ 54. Kh2 Qf5 55. Bc5 Qd5 56. Qe7+ Kg6 57. Qe2 Qf5 58. Qe3 Qc2 59. Bd4 Qc4 60. Bc3 Qd5 61. Qe7 Qf5 62. Qd6 Kf7 63. Qd4 Kg6 64. Qe3 Qd7 65. Qd4 Qf5 66. Qd6 Kf7 67. Qd4 Bd5 68. Qe3 Bc4 69. Qd4 Bd5 70. Qe3 Bc6 71. Qd2 Kg7 72. Qd4 Kf7 73. Qc4+ Bd5 74. Qc7+ Kg6 75. Qd6 Bc6 76. Bd4 Bb5 77. Be3 Bc6 78. Qd4 Kf7 79. Qc4+ Bd5 80. Qc7+ Kg6 81. Qd6 Bc6 82. Qd4 Kf7 83. Qc4+ Bd5 84. Qd4 Bc6 85. Qd6 Bb5 86. Qc7+ Kg6 87. Qd6 Kf7 88. Qd4 Qe6 89. f4 Qf5 1-0